En ce moment précis
| Auteur principal : | Dino Buzzati |
|---|---|
| Autres auteurs : | Jacqueline Remillet |
| Titre : | En ce moment précis |
| Support : | Livres |
| Langue : | Francais |
| Genre : |
Roman |
| Sujets : | |
| Étiquettes : |
Pas de tags
|
| LEADER | 00947nam0a2200205 450 | ||
|---|---|---|---|
| 001 | 16868234 | ||
| 010 | |a 978-2-221-12319-5 |b Br. |d 9,9 | ||
| 100 | |a 20110317d2011 u u0frey01 ba | ||
| 101 | 1 | |a fre |c fre | |
| 102 | |a FR | ||
| 200 | 0 | |a En ce moment précis |f Dino Buzzati |g traduit de l'italien par Jacqueline Remillet | |
| 207 | 1 | |a | |
| 215 | |a 406 p |d 19 x 13 cm | ||
| 330 | |a Ces carnets se présentent comme un étrange journal aux formes variées (dialogues, chroniques, réflexions, etc.) reflétant, à travers des situations du quotidien métamorphosées en conte ou en parabole, les vieux démons de l'artiste italien : la mort, la vacuité, le rêve, l'angoisse du monde contemporain, l'inquiétude, etc. | ||
| 676 | |a 853 | ||
| 700 | 0 | |a Buzzati |b Dino |4 70 | |
| 702 | 0 | |a Remillet |b Jacqueline |4 730 | |
| 900 | |a Roman | ||
| 901 | |a Adultes | ||
| 995 | |a Médiathèque |c Médiathèque |f 00156007654627 |h 00156007654627 |k R BUZ |o p |q a |r az |e Médiathèque | ||